| 000 | 01184cac a22002891u 4500 | ||
|---|---|---|---|
| 090 | _c7074 | ||
| 008 | 081103t2000 xxu||||| |||| 00| 0 eng d | ||
| 010 | _a99040916 | ||
| 020 | _a0198751737 (hardcover) | ||
| 020 | _a0198751729 (pbk.) | ||
| 035 | _a(DLC) 99040916 | ||
| 082 | 0 | 0 |
_a128 _bHUM |
| 100 |
_aHume, David, _940686 |
||
| 245 | 1 | 2 |
_aA treatise of human nature / _cDavid Hume ; edited by David Fate Norton, Mary J. Norton ; editor's introduction by David Fate Norton. |
| 260 |
_aOxford ; _aNew York : _bOxford University Press, _cc.2000. |
||
| 300 | _ap. cm. | ||
| 440 | 0 | _aOxford philosophical texts | |
| 500 | _aDistributer: Al-Ahram. | ||
| 504 | _aIncludes bibliographical references and index. | ||
| 511 | _aCatalogued By: Mahitab. | ||
| 700 | 1 | _aNorton, David Fate. | |
| 700 | 1 | _aNorton, Mary J. | |
| 856 | 4 | 2 |
_3Publisher description _uhttp://www.loc.gov/catdir/enhancements/fy0606/99040916-d.html |
| 856 | 4 | 2 |
_3Table of contents only _uhttp://www.loc.gov/catdir/enhancements/fy0606/99040916-t.html |
| 856 | 4 | 2 |
_3Contributor biographical information _uhttp://www.loc.gov/catdir/enhancements/fy0725/99040916-b.html |
| 942 |
_cBB _k128HUM _2ddc |
||
| 999 |
_c7074 _d7074 |
||